Land (Record no. 78875)
[ view plain ]
| 000 -LEADER | |
|---|---|
| fixed length control field | 01144cab a22002055a 4500 |
| 001 - CONTROL NUMBER | |
| control field | L138463 |
| 008 - FIXED-LENGTH DATA ELEMENTS--GENERAL INFORMATION | |
| fixed length control field | 070608e20070601xxkb f 000 0 eng d |
| 035 ## - SYSTEM CONTROL NUMBER | |
| System control number | (Sirsi) u138463 |
| 041 0# - LANGUAGE CODE | |
| Language code of text/sound track or separate title | eng |
| 100 1# - MAIN ENTRY--PERSONAL NAME | |
| Personal name | Read, Peter |
| 245 00 - TITLE STATEMENT | |
| Title | Land |
| Remainder of title | get it registered |
| 260 ## - PUBLICATION, DISTRIBUTION, ETC. | |
| Date of publication, distribution, etc. | 2007 |
| 490 ## - SERIES STATEMENT | |
| Series statement | Farmers Weekly |
| Volume/sequential designation | 146(22) 1 June 2007, 28-29(2) |
| 520 ## - SUMMARY, ETC. | |
| Summary, etc. | Suggests that land owners should voluntarily register their land now in order to prevent problems if mandatory registration comes into force. Since 1990 a change of legal title triggers compulsory registration. The Land Registry now wants a change of trusteeship to do the same. Registration can help protect against court cases, squatters acquiring land by stealth. It also helps when selling. The Land Registry are offering incentives to register now. Electronic conveyancing will go live in 2012. However some argue that voluntary registration is usually unnecessary. Presents case studies. |
| 590 ## - LOCAL NOTE (RLIN) | |
| Local note | KA |
| 650 24 - SUBJECT ADDED ENTRY--TOPICAL TERM | |
| Topical term or geographic name entry element | LAND REGISTRATION ACT 2002 |
| 651 #4 - SUBJECT ADDED ENTRY--GEOGRAPHIC NAME | |
| Geographic name | United Kingdom |
| Chronological subdivision | |
| 690 ## - LOCAL SUBJECT ADDED ENTRY--TOPICAL TERM (OCLC, RLIN) | |
| Topical term or geographic name as entry element | PROPERTY-RURAL AND NATURAL ASSETS-AGRICULTURAL PROPERTY-AGRICULTURAL LAND |
| 942 ## - ADDED ENTRY ELEMENTS (KOHA) | |
| Suppress in OPAC | 0 |
| Withdrawn status | Lost status | Source of classification or shelving scheme | Damaged status | Not for loan | Home library | Current library | Shelving location | Date acquired | Total Checkouts | Full call number | Barcode | Date last seen | Copy number | Price effective from | Koha item type |
|---|---|---|---|---|---|---|---|---|---|---|---|---|---|---|---|
| Dewey Decimal Classification | London | London | Journal article | 08/06/2007 | L138463 | 138463-2001 | 06/08/2019 | 1 | 06/08/2019 | Journal article |